Finish the Movie Title V Quiz Stats

 Plays Quiz Updated Sep 2, 2016

Challenge
Share
Tweet
Embed
Score 0/40 Timer 05:00
2 Plays Today
Start of Title Last Word % Correct
A Nightmare on Elm...Street
97.5%
Forrest...Gump
96.2%
The Silence of the...Lambs
95.5%
The Breakfast...Club
95%
Finding...Nemo
94.2%
Bridget Jones's...Diary
93.3%
Do the Right...Thing
92.9%
Mean...Girls
91.4%
Ace Ventura: Pet...Detective
90.4%
Apocalypse...Now
89.7%
Reservoir...Dogs
89.4%
Blade...Runner
89.2%
Saturday Night...Fever
88.1%
Citizen...Kane
87.4%
The NeverEnding...Story
87.2%
Little Miss...Sunshine
86.2%
Pretty...Woman
85.7%
Life of...Pi
85.7%
The Color...Purple
85.1%
Pineapple...Express
83.4%
Start of Title Last Word % Correct
The Amityville...Horror
82.1%
Rush...Hour
81.6%
The Dukes of...Hazzard
81.3%
The Princess...Diaries
80.4%
28 Days...Later
78.9%
Rosemary's...Baby
77.1%
The Perks of Being a...Wallflower
75.8%
Can't Hardly...Wait
72.4%
Dirty...Dancing
71.1%
The Wicker...Man
68.7%
Pan's...Labyrinth
68.5%
Spirited...Away
67.4%
The Lovely...Bones
65.7%
The Last House on the...Left
64.1%
Almost...Famous
63%
Girl,...Interrupted
62.9%
Jennifer's...Body
51.6%
Valley of the...Dolls
48.1%
Ghost...Rider
46%
High...Fidelity
35.6%

You're not logged in!

Compare scores with friends on all Sporcle quizzes.
Join for Free
OR
Log In

You Might Also Like...

Show Comments

Extras

Top Quizzes Today


Score Distribution

Your Account Isn't Verified!

In order to create a playlist on Sporcle, you need to verify the email address you used during registration. Go to your Sporcle Settings to finish the process.

Report this User

Report this user for behavior that violates our Community Guidelines.

Details: